LIBRARY & INFORMATION CENTRE, KCAET, TAVANUR

ONLINE PUBLIC ACCESS CATALOGUE (OPAC)

Performance study of centrifugal pump using different foot - valves and pipes (Record no. 15258)

MARC details
000 -LEADER
fixed length control field 00755nam a22002057a 4500
003 - CONTROL NUMBER IDENTIFIER
control field OSt
088 ## - REPORT NUMBER
Report number P 53
100 ## - MAIN ENTRY--AUTHOR NAME
Personal name JYOTHY PADMAKUMAR
245 ## - TITLE STATEMENT
Title Performance study of centrifugal pump using different foot - valves and pipes
260 ## - PUBLICATION, DISTRIBUTION, ETC. (IMPRINT)
Place of publication Tavanur 1996
Name of publisher Department of Irrigation and Drainage Engineering
300 ## - PHYSICAL DESCRIPTION
Number of Pages 85
500 ## - GENERAL NOTE
General note Performance study of centrifugal pump using different foot - valves and pipes
520 ## - SUMMARY, ETC.
Summary, etc Performance study of centrifugal pump using different foot - valves and pipes
700 ## - ADDED ENTRY--PERSONAL NAME
Personal name Kailas K. P
700 ## - ADDED ENTRY--PERSONAL NAME
Personal name Litha S
700 ## - ADDED ENTRY--PERSONAL NAME
Personal name Er. Suseela P (Guide)
856 ## - ELECTRONIC LOCATION AND ACCESS
Uniform Resource Identifier https://drive.google.com/open?id=1vT2I_cqJiitWtogSZxsk_PItuRmlEOlB
942 ## - ADDED ENTRY ELEMENTS (KOHA)
Koha item type Project Report
Holdings
Collection code Home library Current library Shelving location Full call number Accession Number Koha item type
Reference KAUAET KAUAET Reference 631.587 JYO/PE P 53 Project Report
free website counter